| 000 | 00856nam a2200241 a 4500 | ||
|---|---|---|---|
| 001 | 54401 | ||
| 003 | BD-RjUL | ||
| 005 | 20211209080120.0 | ||
| 008 | 161106s1967 bg ||||| |||| 00| f ben d | ||
| 020 | _c: Tk. 3.00 | ||
| 035 | _a(BD-RjUL)54523 | ||
| 040 |
_aBD-RjUL _bben _cBD-RjUL |
||
| 041 | _aben | ||
| 082 |
_223 _a891.44308 _bDAB 1967 |
||
| 100 |
_aদত্ত, জ্যোতিপ্রকাশ _9120635 |
||
| 245 | 1 | 0 |
_aবহে না সুবাতাস / _cজ্যোতিপ্রকাশ দত্ত |
| 250 | _a১ম সং. | ||
| 260 |
_aঢাকা : _bসাহিত্য শিল্প, _c১৯৬৭ |
||
| 300 |
_a[৮], ৮৪ পৃ. ; _c২৩ সেমি. |
||
| 650 |
_aবাংলা ছোট গল্প _xসংগ্রহ _9162333 |
||
| 650 |
_aBengali Short Story _xCollection _9162334 |
||
| 942 |
_2ddc _cBK |
||
| 999 |
_c54401 _d54401 |
||